Ser mujer indígena, chola o birlocha en la Bolivia postcolonial de los años 90 /
Sparad:
| Huvudupphovsman: | |
|---|---|
| Institutionell upphovsman: | |
| Övriga upphovsmän: | |
| Materialtyp: | Text |
| Publicerad: |
La Paz:
Subsecretaría de Asuntos de Género
|
| Ämnen: | |
| Taggar: |
Lägg till en tagg
Inga taggar, Lägg till första taggen!
|
MARC
| LEADER | 00000 a a2200000 04500 | ||
|---|---|---|---|
| 001 | 38949 | ||
| 003 | |||
| 040 | |||
| 090 | |a 1001 R621s | ||
| 100 | |a Arnold, Denise | ||
| 110 | |a Bolivia. Ministerio de Desarrollo Humano. Secretaria General de Asuntos Etnicos, de Género y Generacionales. Subsecretaría de Asuntos de Género | ||
| 245 | |a Ser mujer indígena, chola o birlocha en la Bolivia postcolonial de los años 90 / |c Denise Arnold | ||
| 260 | |a La Paz: |b Subsecretaría de Asuntos de Género | ||
| 300 | |a 451 p. | ||
| 650 | |a CULTURA POPULAR | ||
| 650 | |a ROL DE LA MUJER | ||
| 650 | |a POBLACION INDIGENA | ||
| 650 | |a PARTICIPACION SOCIAL | ||
| 650 | |a MOVIMIENTOS SOCIALES | ||
| 650 | |a AMERICA DEL SUR | ||
| 700 | |a Dios Yapita, Juan de |a Lehm, Zulema |a Rivera Cusicanqui, Silvia |a comp | ||
| 999 | |c 11480 |d 11480 | ||
